000 00569cam a22001577a 4500
008 180718b1973 xxu||||| |||| 00| 0 eng d
082 _aT3x54 R299
100 _aIndia. Committee on Development of Small and Medium Entrepreneurs
245 _aReport of the Committee on Development of Small and Medium Enterpreneurs
_cby Indian Investment Centre
260 _aNew Delhi
_bIndian Investment Centre
_c1973
300 _a104p.
500 _aChairman: R.S. Bhatt
650 _aBusinessmen - India
700 _aIndian Investment Centre
700 _aBhatt, R.S. (Chairman)
999 _c486243
_d486243